Największe miasta podanych państw #4 - Statystyki

Ogólne statystyki
  • Ten quiz został rozwiązany 317 razy
    206 od ostatniego zresetowania
  • Średni wynik to 15 z 28
Statystyki odpowiedzi
Miasto % Poprawnych
Zagrzeb
97%
Berno
96%
Bukareszt
95%
Sofia
94%
Belgrad
93%
Lublana
92%
Zurych
90%
Split
81%
Genewa
79%
Nowy Sad
60%
Warna
60%
Bazylea
54%
Lozanna
48%
Rijeka
47%
Kluż-Napoka
43%
Płowdiw
41%
Zadar
41%
Burgas
40%
Osijek
37%
Timișoara
35%
Konstanca
31%
Jassy
26%
Celje
23%
Subotica
16%
Kragujevac
14%
Ruse
14%
Koper
13%
Kranj
10%
Nie znaleziono quizów pasujących do podanych kryteriów
Rozkład punktacji
Procent ludzi z każdym wynikiem
Percentyl według liczby udzielonych odpowiedzi
Twoja historia wyników
Nie rozwiązałeś tego quizu od ostatniego zresetowania